[Event "CZE-chT rap"]
[Site "Pardubice"]
[Date "2016.07.14"]
[Round "1.4"]
[White "Kovar, Vojtech"]
[Black "Stana, Marek"]
[Result "1-0"]
[WhiteElo "2364"]
[BlackElo "1942"]
[PlyCount "83"]
[EventDate "2016.07.14"]
[EventType "team-swiss"]
[EventRounds "7"]
[EventCountry "CZE"]
[SourceTitle "EXT 2017"]
[Source "ChessBase"]
[SourceDate "2016.10.25"]
[SourceVersion "1"]
[SourceVersionDate "2016.10.25"]
[SourceQuality "1"]
[WhiteTeam "Unichess"]
[BlackTeam "Vlcnov"]
[WhiteTeamCountry "CZE"]
[BlackTeamCountry "CZE"]

1. d4 f5 2. g3 Nf6 3. Bg2 g6 4. b3 Bg7 5. Bb2 d5 6. Nh3 0-0 7. Nd2 c6 8. 0-0 Ne4 9. Nf3 Nd7 10. Nf4 Ndf6 11. Nd3 Nh5 12. Nfe5 Qc7 13. Qe1 Nhf6 14. c4 Be6 15. Rc1 dxc4 16. Nxc4 Bd5 17. Qa5 Qxa5 18. Nxa5 Nd6 19. Ba3 Rab8 20. e3 Rfe8 21. Nf4 Bxg2 22. Kxg2 Kf7 23. d5 g5 24. Ne6 Nxd5 25. Nxg5+ Kf6 26. h4 h6 27. Nh3 Kf7 28. Rfd1 Nb5 29. Bc5 Nbc3 30. Rd2 b6 31. Nxc6 bxc5 32. Nxb8 Rxb8 33. Nf4 Nxf4+ 34. gxf4 Rb4 35. Rdc2 Ne4 36. f3 Nd6 37. Rxc5 Rb6 38. Rc6 Bb2 39. R1c2 Ba3 40. Kf2 Ke6 41. Ke2 Kd7 42. Rc7+ 1-0

[Event "Klatovy op 22nd"]
[Site "Klatovy"]
[Date "2016.07.08"]
[Round "7"]
[White "Ratsma, Midas"]
[Black "Kovar, Vojtech"]
[Result "0-1"]
[WhiteElo "2171"]
[BlackElo "2364"]
[PlyCount "92"]
[EventDate "2016.07.02"]
[EventType "swiss"]
[EventRounds "9"]
[EventCountry "CZE"]
[SourceTitle "CBM 173 Extra"]
[Source "ChessBase"]
[SourceDate "2016.08.29"]
[SourceVersion "1"]
[SourceVersionDate "2016.08.29"]
[SourceQuality "1"]

1. d4 Nf6 2. Bg5 e6 3. e4 h6 4. Bxf6 Qxf6 5. c3 d6 6. Bd3 e5 7. Ne2 Qd8 8. 0-0 Be7 9. f4 0-0 10. Nd2 exd4 11. cxd4 c5 12. d5 Bg4 13. Qb3 Nd7 14. Ng3 Bf6 15. Nc4 Bd4+ 16. Kh1 Nf6 17. Qxb7 Bd7 18. Nxd6 Rb8 19. Qxa7 Ra8 20. Qb7 Rb8 21. Qa6 Rb6 22. Qa5 Rxd6 23. Qxd8 Rxd8 24. e5 Rb6 25. exf6 Rxb2 26. fxg7 Rd2 27. Rad1 Rxa2 28. Bf5 Bb5 29. Rfe1 Bxg7 30. d6 Bc3 31. Rg1 Bd4 32. Bb1 Rb2 33. Nf5 Bxg1 34. Kxg1 Kf8 35. Be4 Rb4 36. Bf3 Rxf4 37. Rd5 Bd7 38. Ne7 Rc4 39. Rh5 Kg7 40. Bd5 Rc1+ 41. Kf2 Be6 42. Nf5+ Kg6 43. g4 Bxf5 44. Rxf5 Rxd6 45. Bxf7+ Kg7 46. Bd5 Rf6 0-1

[Event "Klatovy op 22nd"]
[Site "Klatovy"]
[Date "2016.07.05"]
[Round "4"]
[White "Kovar, Vojtech"]
[Black "Stolc, Martin"]
[Result "1-0"]
[WhiteElo "2364"]
[BlackElo "2042"]
[PlyCount "46"]
[EventDate "2016.07.02"]
[EventType "swiss"]
[EventRounds "9"]
[EventCountry "CZE"]
[SourceTitle "CBM 173 Extra"]
[Source "ChessBase"]
[SourceDate "2016.08.29"]
[SourceVersion "1"]
[SourceVersionDate "2016.08.29"]
[SourceQuality "1"]

1. d4 d6 2. Nf3 g6 3. e4 Bg7 4. c3 Nc6 5. Bg5 h6 6. Bh4 f5 7. exf5 Bxf5 8. d5 Ne5 9. Nd4 Qc8 10. f4 Nf7 11. Na3 g5 12. Bb5+ Kf8 13. Bg3 Nf6 14. fxg5 hxg5 15. 0-0 Bg4 16. Be2 Kg8 17. Nab5 c6 18. Bxg4 Nxg4 19. Nf5 Bf6 20. Nbxd6 Nxd6 21. Bxd6 exd6 22. Qxg4 cxd5 23. Rae1 Qc5+ 1-0

[Event "CZE-chT1W 1516"]
[Site "Czech Republic"]
[Date "2016.03.20"]
[Round "10.4"]
[White "Kovar, Vojtech"]
[Black "Novotny, Michal"]
[Result "1/2-1/2"]
[WhiteElo "2341"]
[BlackElo "2278"]
[PlyCount "48"]
[EventDate "2015.10.11"]
[EventType "team-tourn"]
[EventRounds "11"]
[EventCountry "CZE"]
[SourceTitle "EXT 2017"]
[Source "ChessBase"]
[SourceDate "2016.10.25"]
[SourceVersion "1"]
[SourceVersionDate "2016.10.25"]
[SourceQuality "1"]
[WhiteTeam "Unichess"]
[BlackTeam "Polabiny"]
[WhiteTeamCountry "CZE"]
[BlackTeamCountry "CZE"]

1. d4 e6 2. c4 Nf6 3. Nc3 d5 4. Bf4 Bb4 5. e3 0-0 6. Qb3 Nc6 7. Nf3 a6 8. Be2 dxc4 9. Qxc4 Bd6 10. Ne5 Nb4 11. 0-0 b5 12. Qb3 Bb7 13. Rfc1 Nfd5 14. Bg3 Nxc3 15. Qxc3 Ra7 16. a3 Bxe5 17. axb4 Bd6 18. Bxb5 Bxg2 19. Kxg2 Bxg3 20. hxg3 Qd5+ 21. Kg1 Qxb5 22. Ra5 Qe2 23. Qc2 Qxc2 24. Rxc2 Rb8 1/2-1/2

[Event "CZE-chT2A 1516"]
[Site "Czech Republic"]
[Date "2016.03.13"]
[Round "9.2"]
[White "Kovar, Vojtech"]
[Black "Palek, Miroslav"]
[Result "1-0"]
[WhiteElo "2342"]
[BlackElo "2200"]
[PlyCount "43"]
[EventDate "2015.10.18"]
[EventType "team-tourn"]
[EventRounds "11"]
[EventCountry "CZE"]
[SourceTitle "EXT 2022"]
[Source "ChessBase"]
[SourceDate "2021.10.06"]
[SourceVersion "1"]
[SourceVersionDate "2021.10.06"]
[SourceQuality "1"]
[WhiteTeam "Unichess III"]
[BlackTeam "Line"]
[WhiteTeamCountry "CZE"]
[BlackTeamCountry "CZE"]

1. e4 e5 2. Nf3 Nc6 3. Bc4 Nf6 4. d3 Be7 5. 0-0 0-0 6. Nc3 d6 7. a3 Bg4 8. h3 Bh5 9. Be3 Qd7 10. Nd5 Kh8 11. c3 Nxd5 12. Bxd5 Nd8 13. Nxe5 dxe5 14. Qxh5 Bf6 15. Rad1 c6 16. Bb3 Ne6 17. d4 exd4 18. cxd4 Nxd4 19. e5 g6 20. Rxd4 Qc7 21. Qf3 Bxe5 22. Rd2 1-0

[Event "CZE-chT1W 1516"]
[Site "Czech Republic"]
[Date "2016.02.28"]
[Round "9.4"]
[White "Dvorak, Jan"]
[Black "Kovar, Vojtech"]
[Result "0-1"]
[WhiteElo "2144"]
[BlackElo "2341"]
[PlyCount "77"]
[EventDate "2015.10.11"]
[EventType "team-tourn"]
[EventRounds "11"]
[EventCountry "CZE"]
[SourceTitle "EXT 2017"]
[Source "ChessBase"]
[SourceDate "2016.10.25"]
[SourceVersion "1"]
[SourceVersionDate "2016.10.25"]
[SourceQuality "1"]
[WhiteTeam "Praha Kobylisy"]
[BlackTeam "Unichess"]
[WhiteTeamCountry "CZE"]
[BlackTeamCountry "CZE"]

1. c4 Nf6 2. g3 e6 3. Bg2 d5 4. Nf3 Be7 5. 0-0 0-0 6. b3 a5 7. Bb2 a4 8. Na3 c6 9. Qc1 Nbd7 10. d4 Qa5 11. c5 Ne4 12. Nc2 b6 13. b4 Qb5 14. Nd2 f5 15. Nxe4 fxe4 16. Re1 Rb8 17. Bc3 Qa6 18. f3 e5 19. fxe4 bxc5 20. bxc5 exd4 21. Bxd4 dxe4 22. Qe3 Nf6 23. Na3 Bf5 24. Qg5 Bg6 25. Bf1 Nd5 26. Qg4 e3 27. Bg2 Bf6 28. Bxf6 Rxf6 29. Qd4 Bf7 30. Rab1 Re8 31. Nc4 Nf4 32. Nd6 Nxe2+ 33. Rxe2 Qxe2 34. Nxe8 Bxe8 35. Qe5 Rf8 36. Qe7 Bg6 37. Bxc6 Qf2+ 38. Kh1 Bxb1 39. Bd5+ 0-1

[Event "CZE-chT2A 1516"]
[Site "Czech Republic"]
[Date "2016.02.07"]
[Round "7.2"]
[White "Vichnar, David"]
[Black "Kovar, Vojtech"]
[Result "0-1"]
[WhiteElo "2333"]
[BlackElo "2342"]
[PlyCount "172"]
[EventDate "2015.10.18"]
[EventType "team-tourn"]
[EventRounds "11"]
[EventCountry "CZE"]
[SourceTitle "EXT 2022"]
[Source "ChessBase"]
[SourceDate "2021.10.06"]
[SourceVersion "1"]
[SourceVersionDate "2021.10.06"]
[SourceQuality "1"]
[WhiteTeam "Vysehrad II"]
[BlackTeam "Unichess III"]
[WhiteTeamCountry "CZE"]
[BlackTeamCountry "CZE"]

1. d4 Nf6 2. c4 e6 3. g3 Bb4+ 4. Bd2 c5 5. Bxb4 cxb4 6. Bg2 0-0 7. e4 d6 8. Ne2 e5 9. 0-0 Bg4 10. f3 Be6 11. b3 Bd7 12. a3 Nc6 13. d5 Qb6+ 14. Kh1 Ne7 15. axb4 Qxb4 16. Nc1 a5 17. Nd3 Qb6 18. Nc3 Qd4 19. Ne2 Qe3 20. Re1 Ng6 21. Nef4 Qd4 22. Nxg6 fxg6 23. Qc2 a4 24. bxa4 Rxa4 25. Rxa4 Bxa4 26. Qxa4 Qxd3 27. Qb4 h5 28. Qxd6 Qc3 29. Rf1 Ra8 30. Qb6 Ra2 31. h4 g5 32. hxg5 Qd2 33. Qg1 h4 34. gxf6 h3 35. Bxh3 Qh6 36. f7+ Kxf7 37. Qg2 Rxg2 38. Kxg2 Qd2+ 39. Rf2 Qd4 40. Rc2 b6 41. Be6+ Ke7 42. Ra2 Kd6 43. Ra7 Qd2+ 44. Kh3 Qh6+ 45. Kg2 Qd2+ 46. Kh3 Qh6+ 47. Kg2 Kc5 48. Re7 g6 49. Rc7+ Kd4 50. d6 Qd2+ 51. Kh3 Qc1 52. Kg2 Ke3 53. Ra7 Qd2+ 54. Kh3 Qxd6 55. Bd5 Qf8 56. Ra8 Qh6+ 57. Kg2 Kd4 58. Ra2 Qc1 59. Re2 Kd3 60. Ra2 Ke3 61. Rf2 Qa3 62. Rc2 Qb4 63. Ra2 Qb1 64. Rf2 g5 65. Be6 Qe1 66. Ra2 Qb4 67. Bd5 Qf8 68. Rf2 g4 69. f4 Qh8 70. Kg1 exf4 71. Rxf4 Qh3 72. Rf2 Qxg3+ 73. Rg2 Qe1+ 74. Kh2 Kf4 75. Ra2 Qf1 76. Rg2 Qf3 77. Ra2 Ke5 78. Rg2 Kf4 79. Ra2 Qh3+ 80. Kg1 Qb3 81. Rf2+ Ke5 82. Rf5+ Kd4 83. e5 Qe3+ 84. Kg2 b5 85. e6 bxc4 86. Kf1 Qd3+ 0-1

[Event "CZE-chT1W 1516"]
[Site "Czech Republic"]
[Date "2016.01.31"]
[Round "7.6"]
[White "Kovar, Vojtech"]
[Black "Kracik, Tomas"]
[Result "1-0"]
[WhiteElo "2341"]
[BlackElo "2220"]
[PlyCount "53"]
[EventDate "2015.10.11"]
[EventType "team-tourn"]
[EventRounds "11"]
[EventCountry "CZE"]
[SourceTitle "CBM 170 Extra"]
[Source "ChessBase"]
[SourceDate "2016.02.25"]
[SourceVersion "1"]
[SourceVersionDate "2016.02.25"]
[SourceQuality "1"]
[WhiteTeam "Unichess"]
[BlackTeam "Hradec Kralove"]
[WhiteTeamCountry "CZE"]
[BlackTeamCountry "CZE"]

1. c4 c5 2. Nc3 Nc6 3. g3 g6 4. Bg2 Bg7 5. a3 e6 6. b4 cxb4 7. axb4 Nxb4 8. Ba3 Bf8 9. Nf3 f5 10. 0-0 Nf6 11. Qa4 a5 12. Nb5 Be7 13. c5 Ra6 14. Ne5 0-0 15. Rfc1 b6 16. d4 Nfd5 17. Nd6 bxc5 18. Nxc8 Qxc8 19. Nxd7 c4 20. Nxf8 Bxf8 21. Bxb4 Bxb4 22. Qb5 Nc3 23. Rxc3 Bxc3 24. Rc1 Rd6 25. Rxc3 Rxd4 26. Bf1 Qc7 27. e3 1-0

[Event "CZE-chT2A 1516"]
[Site "Czech Republic"]
[Date "2016.01.10"]
[Round "5.1"]
[White "Kovar, Vojtech"]
[Black "Gross, David"]
[Result "0-1"]
[WhiteElo "2342"]
[BlackElo "2398"]
[PlyCount "88"]
[EventDate "2015.10.18"]
[EventType "team-tourn"]
[EventRounds "11"]
[EventCountry "CZE"]
[SourceTitle "EXT 2022"]
[Source "ChessBase"]
[SourceDate "2021.10.06"]
[SourceVersion "1"]
[SourceVersionDate "2021.10.06"]
[SourceQuality "1"]
[WhiteTeam "Unichess III"]
[BlackTeam "Kozolupy"]
[WhiteTeamCountry "CZE"]
[BlackTeamCountry "CZE"]

1. c4 g6 2. d4 Nf6 3. g3 Bg7 4. Bg2 0-0 5. Nc3 d6 6. Nf3 c6 7. 0-0 Qa5 8. h3 Be6 9. Qd3 Qa6 10. b3 d5 11. c5 Qxd3 12. exd3 Bf5 13. Rd1 h5 14. b4 Nfd7 15. Be3 a5 16. Rab1 axb4 17. Rxb4 Ra3 18. Rb3 Rxb3 19. axb3 Na6 20. Na4 Nb4 21. Ne1 Re8 22. f4 f6 23. Bf1 e5 24. Bd2 Na6 25. Nf3 exf4 26. gxf4 Nc7 27. Nh4 Nb5 28. Nxf5 gxf5 29. Re1 Rxe1 30. Bxe1 Nxd4 31. Bf2 Ne6 32. d4 Kf7 33. Nb6 Nxb6 34. cxb6 Bf8 35. Be2 Nxf4 36. Bf3 Kg6 37. Bg3 Ne6 38. Be2 f4 39. Bf2 Bb4 40. Bd3+ f5 41. Kg2 Ba5 42. h4 Bxb6 43. Kf3 Kf6 44. b4 Bxd4 0-1

[Event "CZE-chT2A 1516"]
[Site "Czech Republic"]
[Date "2015.11.22"]
[Round "3.2"]
[White "Cap, Adam"]
[Black "Kovar, Vojtech"]
[Result "1-0"]
[WhiteElo "2346"]
[BlackElo "2342"]
[PlyCount "57"]
[EventDate "2015.10.18"]
[EventType "team-tourn"]
[EventRounds "11"]
[EventCountry "CZE"]
[SourceTitle "EXT 2022"]
[Source "ChessBase"]
[SourceDate "2021.10.06"]
[SourceVersion "1"]
[SourceVersionDate "2021.10.06"]
[SourceQuality "1"]
[WhiteTeam "Kladno"]
[BlackTeam "Unichess III"]
[WhiteTeamCountry "CZE"]
[BlackTeamCountry "CZE"]

1. e4 c5 2. Nf3 d6 3. d4 Nf6 4. Nc3 cxd4 5. Nxd4 a6 6. g3 e5 7. Nde2 Be6 8. Bg2 Nbd7 9. 0-0 Be7 10. h3 0-0 11. Be3 Rc8 12. g4 Nb6 13. b3 Rc6 14. a4 d5 15. Bxb6 Rxb6 16. Nxd5 Nxd5 17. exd5 Bc8 18. Ng3 Rf6 19. Qe2 Rf4 20. Nh5 Rb4 21. Qxe5 f6 22. Qe3 f5 23. Qc3 Rf7 24. d6 Qxd6 25. Rad1 Qb8 26. Bd5 Bf8 27. Bxf7+ Kxf7 28. Rd8 Re4 29. Rxf8+ 1-0